000 00737nam a22002417a 4500
003 UA-OsUOA
001 117190
007 ta
008 20160510b un ||||| |||| 00| 0 ukr d
100 _aІгнатович Е. В.
090 _a94(477)"1/4"
_bІ-99
942 _cBK
040 _aUA-OsUOA
_bukr
_cUA-OsUOA
_dUA-OsUOA
245 _aУкраїна - terra incognita
_bновий погляд на невідомі факти II - V століть нашої ери
300 _a48 с.
955 _a1
041 _aukr
080 _a94(477)"1/4"
020 _a5-7770-0443-1
260 _aК.
_bЗнання
_c1992
650 7 _a9 Географія. Біографії. Історія
_2UDC
999 _c403107
_d403107